Ciudades más importantes del Imperio Portugués en un Mapa - Estadísticas

Estadísticas generales
  • Esta prueba ha sido intentada 29 veces
  • La puntuación promedio es 8 de 15
Respuestas en el mapa
Las respuestas están codificadas por una escala verde-roja en el mapa de la prueba según el % correcto abajo.
 
Estadísticas de respuestas
Población Respuesta % Correcto
553k Lisboa
100%
232k Oporto
92%
6,2M Río de Janeiro
88%
193k Braga
73%
5,1M Luanda
65%
682k Macao
58%
2,9M Salvador de Bahía
54%
277k Dili
46%
1,6M Goa
42%
1,4M Belén
38%
53k Évora
35%
33k Lagos
27%
533k Beira
19%
393k Olinda
8%
205k Ziguinchor
4%
No se encontraron pruebas coincidentes
Distribución de puntuación
Porcentaje de gente con cada puntuación
Porcentaje por número respondido
Historial de tus puntuaciones
No has intentado esta prueba.